| 000 | 00509nam a22001817a 4500 | ||
|---|---|---|---|
| 005 | 20240408101943.0 | ||
| 010 | _aENG-140003 | ||
| 020 |
_a9788194181972 _c250.00 |
||
| 035 | _aEN-123535 | ||
| 037 | _bDBAD/PUB | ||
| 082 | _a881 | ||
| 100 |
_aGhosh, Ritwik _964335 |
||
| 245 |
_aThe Lamp Through The Forest/ _cby Ritwik Ghosh |
||
| 260 |
_aKolkata _bWriters Workshop _c2019 |
||
| 270 |
_aC-532,Lake Garden _bKolkata _e700045 |
||
| 300 |
_a80p. _c22(Hb) |
||
| 942 |
_cEN _h881 _2ddc _mGHO |
||
| 999 |
_c201867 _d201867 |
||